000 00473nam a2200181Ia 4500
001 9603
005 20260306161730.0
008 260306t2011||||xx |||||||||||||| ||spa||
041 _aESP
082 _a382.6
_bG69
100 _aGonzález López, Isabel
_eAUT
245 0 _aGestión del comercio exterior de la empresa:
_bmanual teórico y práctico
260 _c2011
300 _a350 páginas :
_c24 cm.
650 _aGEN
654 _aCAN
942 _cLIB
_dJUS
_fJUS
_2ddc
_n
999 _c9603
_d9603